A win-win outlook : (Record no. 20427)

MARC details
000 -LEADER
fixed length control field 00772nam a2200241 a 4500
005 - DATE AND TIME OF LATEST TRANSACTION
control field 19820422000000.0
008 - FIXED-LENGTH DATA ELEMENTS--GENERAL INFORMATION
fixed length control field 820422s1980 ii bcfj 000 0 eng
010 ## - LCCN (DPL NO)
LC control number ENG-92333
020 ## - INTERNATIONAL STANDARD BOOK NUMBER
Terms of availability 495.00
International Standard Book Number 9788190384407
035 ## - SYSTEM CONTROL NUMBER
System control number EN-75866
037 ## - SOURCE OF ACQUISITION
Source of stock number/acquisition DBAD / PUB
040 ## - CATALOGING SOURCE
Original cataloging agency dpl
Language of cataloging English
082 ## - DEWEY DECIMAL CLASSIFICATION NUMBER
Classification number 153
100 ## - MAIN ENTRY--PERSONAL NAME
Personal name William, Xavier
245 ## - TITLE STATEMENT
Title A win-win outlook :
Statement of responsibility, etc by Xavier William
Remainder of title A handbook of everyday life
250 ## - EDITION STATEMENT
Edition statement 2nd ed
260 ## - PUBLICATION, DISTRIBUTION, ETC. (IMPRINT)
Name of publisher, distributor, etc Win-Win Books
Date of publication, distribution, etc 2007
300 ## - PHYSICAL DESCRIPTION
Extent 655p.
Dimensions 21cm (pbk)
650 ## - SUBJECT ADDED ENTRY--TOPICAL TERM
Topical term or geographic name as entry element Thought and thinking.
650 ## - SUBJECT ADDED ENTRY--TOPICAL TERM
Topical term or geographic name as entry element Logic.
942 ## - ADDED ENTRY ELEMENTS (KOHA)
Source of classification or shelving scheme Dewey Decimal Classification
Item type English Books
Call number suffix WIL
Classification part 153
Holdings
Withdrawn status Lost status Source of classification or shelving scheme Damaged status Not for loan Collection code Home library Current library Date acquired Source of acquisition Cost, normal purchase price Total Checkouts Full call number Barcode Date last seen Copy number Cost, replacement price Koha item type
    Dewey Decimal Classification   Not For Loan Non-fiction D.B.Act.Division D.B.Act.Division 01/01/2009 DBAD / PUB 495.00   153 WIL EN-75866 31/12/2008 1 495.00 English Books

© Delhi Public Library
Hit Counter
free hit counter